000 00451nam a2200169 i 4500
001 87826
003 ES-MaACL
005 20230906175739.0
007 t|
008 041223s1969 sp ||||1| spa d
100 1 _aLacasa, Cristina.
_969335
245 1 0 _aEncender los olivos como lámparas /
_cCristina Lacasa.
250 _a[1ª ed.].
260 _aMadrid :
_bAgora,
_c[1969]
300 _a82 p. ;
_c21 cm.
852 _aES-MaACL
_jC-36435
_bR.69844
999 _c87826
_d87826